Geography Quiz

Random Geography or City Quiz

All Cities Challenge: Kennewick, WA MSA Quiz Stats

 Plays Quiz not verified by Sporcle

Challenge
Share
Tweet
Embed
Score 0/9 Timer 04:00
0 Plays Today
Population (2015 est.) Place % Correct
78,896Kennewick
97.3%
54,248Richland
97.3%
69,451Pasco
89.2%
13,746West Richland
75.7%
3,234Benton City
59.5%
5,869Prosser
54.1%
5,446Connell
45.9%
488Mesa
40.5%
190Kahlotus
35.1%

You're not logged in!

Compare scores with friends on all Sporcle quizzes.
OR
Log In

You Might Also Like...

Show Comments

Extras

Top Quizzes Today


Score Distribution

Your Account Isn't Verified!

In order to create a playlist on Sporcle, you need to verify the email address you used during registration. Go to your Sporcle Settings to finish the process.

Report this User

Report this user for behavior that violates our Community Guidelines.

Details: